000 00420nam a2200133Ia 4500
003 GCL
008 140319s9999 xx 000 0 ara d
040 _aGCL /
_cGCL
082 0 4 _a231.5
_bا م
245 1 0 _aمن اسمه عطاء من رواه الحديث
260 _a[S.N] :
_bدار عالم الكتب للنشر والتوزيع ،
_c1985
300 _a56 ص
490 _aسلسلة الاجزاء الحديثة
_v0
999 _c52959
_d52959